PC - velký průvodce hardwarem /

Salvato in:
Dettagli Bibliografici
Autore principale: Minasi, Mark (Autore)
Altri autori: Losík, Václav (Traduttore), Bartoň, Miloš (Traduttore)
Natura: Libro
Lingua:ceco
Pubblicazione: Praha : Grada Publishing, 1996
Edizione:1.vyd.
Soggetti:
Tags: Aggiungi Tag
Nessun Tag, puoi essere il primo ad aggiungerne!!

MARC

LEADER 00000nam a22000003a 4500
001 stu45608
005 20190206132355.9
008 970120s1996----cs------------------cze-d
020 |a 80-7169-178-X 
040 |a STU  |b slo 
041 0 |a cze 
044 |a cs 
080 |a 681.32 
080 |a 519.687 
100 1 |a Minasi, Mark  |4 aut 
245 1 |a PC - velký průvodce hardwarem /  |c [aut.]Mark Minasi; Z angl. Václav Losík, Miloš Bartoň 
250 |a 1.vyd. 
260 |a Praha :  |b Grada Publishing,  |c 1996 
300 |a 978 s 
650 7 |a hardware  |2 estusub 
650 7 |a programovanie  |2 stusub 
650 7 |a programovacie jazyky  |2 stusub 
700 1 |a Losík, Václav  |4 trl 
700 1 |a Bartoň, Miloš  |4 trl 
996 |b 284EK84419  |c E*84419  |l EE01  |s A  |a 24  |w stu45608_0001 
996 |b 284M039883  |c M*9486-1  |l MMKN  |s A  |a 24  |w stu45608_0002